[Event "Eger op"]
[Site "Eger"]
[Date "1993.??.??"]
[Round "2"]
[White "Emodi, Barnabas"]
[Black "Varga, Zoltan"]
[Result "0-1"]
[WhiteElo "2260"]
[BlackElo "2475"]

1.d4 d5 2.c4 dxc4 3.Nf3 c6 4.a4 b5 5.g3 Bb7 6.Bg2 Nd7 7.O-O Ngf6 8.b3 c3
9.axb5 cxb5 10.Nxc3 b4 11.Na4 e6 12.Bf4 Be7 13.Rc1 Qa5 14.Nb2 O-O 15.Nc4 Qh5
16.h3 Ne4 17.g4 Qb5 18.Qd3 Rfd8 19.Nfe5 Nc3 20.e3 Nxe5 21.Bxe5 Bxg2 22.Kxg2 f6
23.Bg3 e5 24.f3 exd4 25.exd4 Bc5 26.Ne5 Qxd3 27.Nxd3 Bf8 28.Bf2 Rd7 29.Rfe1 Kf7
30.Nb2 Nd5 31.Nd3 a5 32.Rc4 a4 33.bxa4 Rxa4 34.Nc5 Rc7 35.Rc2 Ra3 36.Rb2 Bxc5
37.dxc5 Nf4+ 38.Kf1 Nd3 39.Rbb1 Nxe1 40.Kxe1 Rxf3 41.Rxb4 Rxh3 42.Rc4 Ke6
43.Re4+ Kd5 44.Re8 Ra7 45.Rd8+ Kc6  0-1

[Event "ESP-ch"]
[Site "?"]
[Date "1993.??.??"]
[Round "4"]
[White "Gallego, Victoriano"]
[Black "Rojo Huerta, Gabriel"]
[Result "1/2-1/2"]
[WhiteElo "2365"]
[BlackElo "2300"]

1.d4 d5 2.c4 c6 3.Nf3 Nf6 4.Qb3 dxc4 5.Qxc4 Bf5 6.Nc3 e6 7.g3 Be7 8.Bg2 O-O
9.O-O Nbd7 10.Bg5 Ne4 11.Bxe7 Qxe7 12.Rfd1 Rad8 13.Nd2 Nb6 14.Qb3 Nxd2 15.Rxd2 e5
16.Rad1 e4 17.e3 Be6 18.Qc2 Nc4 19.Re2 Bg4 20.Bxe4 Bxe2 21.Bxh7+ Kh8 22.Qxe2 Kxh7
23.Qxc4 Rfe8  1/2-1/2

[Event "ESP-chT"]
[Site "?"]
[Date "1993.??.??"]
[Round "?"]
[White "Palacios, Antonio"]
[Black "Pareja Perez, Juan F"]
[Result "1-0"]
[WhiteElo "2320"]
[BlackElo "2080"]

1.d4 d5 2.c4 c6 3.Nf3 Nf6 4.Qc2 e6 5.g3 Be7 6.Bg2 O-O 7.O-O b6 8.Nbd2 Bb7
9.e4 Nbd7 10.e5 Ne8 11.b3 Rc8 12.Rd1 Nc7 13.Bb2 Qe8 14.Nf1 c5 15.dxc5 bxc5
16.cxd5 exd5 17.Ne3 Nb6 18.Nf5 Ne6 19.N3h4 Ba8 20.Nxe7+ Qxe7 21.Nf5 Qd7 22.Nd6 Rc7
23.Qe2 d4 24.Ne4 Kh8 25.Rac1 Nd5 26.Qg4 Bb7 27.Nd6 f5 28.Nxf5 Nef4 29.e6 Nxe6
30.Nh4 Qf7 31.Rc2 Nb4 32.Re2 Bxg2 33.Nxg2 Nd5 34.b4 Nf6 35.Qf5  1-0

[Event "FIN-ch"]
[Site "FIN"]
[Date "1993.??.??"]
[Round "?"]
[White "Norri, Joose"]
[Black "Raaste, Eero J"]
[Result "0-1"]
[WhiteElo "2400"]
[BlackElo "2345"]

1.d4 d5 2.c4 c6 3.Nf3 dxc4 4.Nc3 b5 5.e4 e6 6.Be2 Nf6 7.Qc2 Be7 8.O-O Bb7
9.a4 b4 10.Nb1 Nbd7 11.Nbd2 c5 12.e5 Nd5 13.Nxc4 cxd4 14.Nxd4 Qb8 15.Na5 O-O
16.Ndc6 Bxc6 17.Nxc6 Rc8 18.Ba6 Rc7 19.Nxe7+ Nxe7 20.Qe2 Nc5 21.Bc4 Nf5 22.Rd1 Qb6
23.b3 Rcc8 24.Bb2 Rd8 25.Qf3 h6 26.g4 Nh4 27.Qg3 g5 28.Be2 Qb7 29.Rxd8+ Rxd8
30.Rd1 Rxd1+ 31.Bxd1 Qd5 32.Bc2 Qd2  0-1

[Event "Gausdal Int"]
[Site "Gausdal"]
[Date "1993.??.??"]
[Round "5"]
[White "Rashkovsky, Nukhim N"]
[Black "Gretarsson, Helgi Ass"]
[Result "1-0"]
[WhiteElo "2530"]
[BlackElo "2365"]

1.d4 d5 2.Nf3 Nf6 3.c4 c6 4.Qc2 g6 5.Bf4 Bg7 6.e3 O-O 7.Nbd2 Nh5 8.Be5 Nd7
9.Bxg7 Nxg7 10.Be2 dxc4 11.Nxc4 e6 12.O-O Qe7 13.Rac1 Rd8 14.Rfd1 Nb6 15.Na5 Rb8
16.Qc5 Qf8 17.Ne5 Ne8 18.a3 Nd6 19.b4 Bd7 20.Ng4 Nd5 21.Qc2 Qe7 22.e4 Nf4
23.e5 Nf5 24.Nf6+ Kg7 25.Bf3 Be8 26.Nb3 Nd5 27.Bxd5 exd5 28.Rd3 Bd7 29.g4 Nh6
30.Rh3 Rh8 31.Nc5 Be6 32.Qe2 b6 33.Nd3 Nxg4 34.Nxg4 h5 35.Rg3 hxg4 36.Nf4 Bf5
37.Rxc6 Qh4 38.f3 gxf3 39.Qxf3 Be4 40.Qf2 Rbc8 41.Rxc8 Rxc8 42.Rxg6+ fxg6
43.Qxh4  1-0

[Event "BL2-S9293"]
[Site "Germany"]
[Date "1993.??.??"]
[Round "?"]
[White "Schwalfenberg, Joerg"]
[Black "Osieka, Udo"]
[Result "1/2-1/2"]
[WhiteElo "2215"]
[BlackElo "2300"]

1.d4 Nf6 2.Nf3 d5 3.c4 c6 4.Qc2 g6 5.Bf4 dxc4 6.Qxc4 Bg7 7.Nc3 Be6 8.Qd3 Nd5
9.Nxd5 cxd5 10.e3 O-O 11.Be2 Nc6 12.O-O Qb6 13.Rfc1 Rfc8 14.Qd2 Nd8 15.Ne5 Rxc1+
16.Rxc1 Rc8 17.Rxc8 Bxc8 18.Qc3 Nc6 19.h3 Bf8 20.Nd3 e6 21.Nc5 Qa5 22.Qxa5  1/2-1/2

[Event "GER CupT"]
[Site "Germany"]
[Date "1993.??.??"]
[Round "?"]
[White "Lorscheid, Gerhard"]
[Black "Witke, Thomas"]
[Result "1-0"]
[WhiteElo "2305"]
[BlackElo "2265"]

1.d4 d5 2.Nf3 Nf6 3.c4 c6 4.Qc2 Bg4 5.Ne5 Nbd7 6.Nxg4 Nxg4 7.cxd5 cxd5 8.Bg5 h6
9.Bh4 Rc8 10.Nc3 Qb6 11.e3 e5 12.Be2 exd4 13.Bxg4 dxc3 14.O-O Rc7 15.bxc3 Bd6
16.Bf3 Rc4 17.Bg3 Nf6 18.Rab1 Qc6 19.Bxd6 Qxd6 20.Rxb7 O-O 21.Rxa7 Qc5 22.Ra6 Rxc3
23.Qa4 Rc8 24.g3 Rc1 25.Ra8 Rc4 26.Qa6 Rxa8 27.Qxa8+ Kh7 28.Rd1 Rc2 29.Qa4 Qc3
30.Bxd5 Nxd5 31.Qe4+ Kg8 32.Qxd5 Qb2 33.Qa8+ Kh7 34.Qe4+ g6 35.Qf4 Qxa2 36.Rd7 Rc8
37.Qxf7+ Qxf7 38.Rxf7+ Kg8 39.Rd7 Rc4 40.Kg2  1-0

[Event "BL2-S9293"]
[Site "Germany"]
[Date "1993.??.??"]
[Round "?"]
[White "Schwalfenberg, Joerg"]
[Black "Witke, Thomas"]
[Result "1/2-1/2"]
[WhiteElo "2215"]
[BlackElo "2265"]

1.d4 Nf6 2.c4 c6 3.Nf3 d5 4.Qc2 Bg4 5.Bf4 Nbd7 6.e3 Bxf3 7.gxf3 Nh5 8.Bg3 e6
9.Nc3 Bb4 10.Qb3 Qa5 11.a3 Bxc3+ 12.bxc3 O-O 13.Bd6 Rfe8 14.Qb4 Qxb4 15.axb4 dxc4
16.Bxc4 e5 17.Ra5 Nhf6 18.dxe5 b6 19.Ra6 Nxe5 20.Bxe5 Rxe5 21.Ke2 b5 22.Bb3 c5
23.Rha1 c4 24.Bc2 Re7 25.Rd1 Re6 26.Ra5 a6 27.f4 Kf8 28.Kf3 Ke7 29.e4 Rd8
30.Rxd8 Kxd8 31.f5 Rb6 32.Ra1 Nd7 33.Rg1 Rd6 34.Ke3 g6 35.fxg6 hxg6 36.f4 Kc7
37.Rg5 Nf8 38.h4 Rd8 39.h5 Ne6 40.Re5 gxh5 41.Rxh5 Rg8  1/2-1/2

[Event "Oberliga Nord N9394"]
[Site "Germany"]
[Date "1993.??.??"]
[Round "?"]
[White "Petrosian, Arshak B"]
[Black "Schurade, Matthias"]
[Result "0-1"]
[WhiteElo "2485"]
[BlackElo "2360"]

1.Nf3 Nf6 2.c4 c6 3.d4 d5 4.Qb3 Qb6 5.Nc3 dxc4 6.Qxc4 Bf5 7.g3 e6 8.Bg2 h6
9.O-O Nbd7 10.Nd2 Be7 11.e4 Bg6 12.Nb3 O-O 13.Be3 a5 14.f3 Rfd8 15.Rfd1 Ne8
16.Qe2 a4 17.Nc1 Qa5 18.a3 Nd6 19.Bf2 Bf8 20.Nd3 Bh7 21.Rac1 Nb5 22.Nxb5 Qxb5
23.Bf1 e5 24.Qc2 exd4 25.Bxd4 Qa5 26.Qf2 Be7 27.Bc3 Qc7 28.Bg2 Bf6 29.Bxf6 Nxf6
30.Qc5 Rd7 31.Nf2 Bg6 32.Bf1 Rad8 33.Kg2 Rd2 34.Rxd2 Rxd2 35.Rc2 Nxe4 36.Qe3 Rxc2
37.fxe4 Rxb2 38.Kg1 Qb6 39.Qf4 Bxe4  0-1

[Event "Goch op"]
[Site "Goch"]
[Date "1993.??.??"]
[Round "2"]
[White "Tenelsen, Stefan"]
[Black "Mueller, M."]
[Result "1/2-1/2"]
[WhiteElo "1970"]
[BlackElo "2315"]

1.d4 d5 2.Nf3 c6 3.c4 dxc4 4.e4 b5 5.a4 Nf6 6.Qc2 Bb7 7.Be3 e6 8.Nbd2 a6
9.Be2 Nbd7 10.O-O Be7 11.b3 cxb3 12.Qxb3 O-O 13.Rfc1 Rc8 14.Bd3 g6 15.h3 Re8
16.Qb1 Bf8 17.Bg5 h6 18.Bh4 g5 19.Bg3 Nh5 20.Bh2 Nf4 21.Bxf4 gxf4 22.e5 Nb6
23.Ne4 Be7 24.Nc5 Bxc5 25.Rxc5 Nd7 26.Rc3 c5 27.axb5 axb5 28.Bxb5 cxd4 29.Rxc8 Qxc8
30.Nxd4 Re7 31.Qb4 Qc5 32.Qxc5 Nxc5 33.Ra7 Kf8 34.Ne2 f3 35.gxf3 Bxf3 36.Rxe7 Kxe7
37.Nd4 Bd5 38.f3 f6 39.exf6+ Kxf6 40.Kf2  1/2-1/2

[Event "Groningen op"]
[Site "Groningen"]
[Date "1993.??.??"]
[Round "3"]
[White "Zoler, Dan"]
[Black "Bosch, Jeroen"]
[Result "1/2-1/2"]
[WhiteElo "2420"]
[BlackElo "2290"]

1.d4 d5 2.c4 dxc4 3.Nf3 c6 4.e3 b5 5.a4 e6 6.b3 b4 7.Bxc4 Nf6 8.Bb2 Be7 9.Nbd2 Bb7
10.Rc1 Nbd7 11.Qe2 O-O 12.O-O Rc8 13.Rfd1 Qc7 14.Bd3 Qb8 15.Nc4 c5 16.Nfe5 cxd4
17.Nxd7 Nxd7 18.Bxd4 Bf6 19.Qc2 g6 20.Be2 Bd5 21.Qb2 Bxc4 22.Bxc4 e5 23.Bb5 exd4
24.Bxd7 Rxc1 25.Qxc1 Rd8 26.Bb5 dxe3  1/2-1/2

[Event "Guichen op"]
[Site "Guichen"]
[Date "1993.??.??"]
[Round "?"]
[White "Dumitrache, Dragos"]
[Black "Collas, Didier"]
[Result "1/2-1/2"]
[WhiteElo "2385"]
[BlackElo "2250"]

1.d4 d5 2.c4 dxc4 3.Nf3 c6 4.e3 b5 5.a4 e6 6.b3 b4 7.Bxc4 Nf6 8.O-O Nbd7
9.Qe2 a5 10.e4 Bb7 11.Bb2 Be7 12.Nbd2 O-O 13.Rac1 c5 14.Rfd1 Rc8 15.Bb5 cxd4
16.Nxd4 Rxc1 17.Rxc1 Nc5 18.f3 Qc7 19.Qe3 Rd8 20.Bf1 Rd7 21.Kh1 h6 22.g3 Qd8
23.Rc2 Nh7 24.Bb5 Rc7 25.Bf1 Ng5 26.h4 Nh7 27.Nc4 Qa8 28.Nb5 Rc6 29.Ne5 Rc8
30.Bd4 Na6 31.Rxc8+ Qxc8 32.Nc4 Ba8 33.Nxa5 Qc2 34.Nc4 Nf6 35.Qd3 Qc1 36.Ne3 Nh5
37.Qc4 Nxg3+ 38.Kg2 Qxc4 39.Bxc4 Nh5 40.Be5 Bxh4 41.Nc2 Bg5 42.Nd6 Nc5 43.Nxb4 Nf4+
44.Kf2 h5 45.Bd4 Nd7 46.Bb5 Be7 47.Bxd7 Bxd6 48.Bc6 h4 49.Bxa8 h3 50.Kg3 Ne2+
51.Kxh3 Nxd4 52.Nc6 Nxb3 53.a5 Bc5 54.a6  1/2-1/2

[Event "Wichern op"]
[Site "Hamburg"]
[Date "1993.??.??"]
[Round "4"]
[White "Davies, Nigel R"]
[Black "Mordhorst, Henning"]
[Result "1-0"]
[WhiteElo "2505"]
[BlackElo "2310"]

1.d4 d5 2.Nf3 Nf6 3.c4 c6 4.Qb3 e6 5.g3 Be7 6.Bg2 O-O 7.O-O b6 8.Bf4 Ba6
9.Nbd2 Nbd7 10.Rfd1 Nh5 11.Be3 f5 12.Qa4 Bb7 13.cxd5 exd5 14.Ne5 b5 15.Qc2 Nxe5
16.dxe5 g5 17.a4 a5 18.Nb3 bxa4 19.Rxa4 Bb4 20.Bc5 Bxc5 21.Qxc5 Ng7 22.Nxa5 Qd7
23.Rb4 Rfb8 24.Rb6 Ne6 25.Qb4 Qc7 26.Rxb7 Rxb7 27.Nxb7 Rb8 28.Qd6 Qxd6 29.Nxd6 Rxb2
30.e3 f4 31.Bh3  1-0

[Event "Wichern op"]
[Site "Hamburg"]
[Date "1993.??.??"]
[Round "6"]
[White "Vandrey, Wolfgang"]
[Black "Kristensen, Bjarke"]
[Result "1/2-1/2"]
[WhiteElo "2305"]
[BlackElo "2470"]

1.d4 d5 2.Nf3 Nf6 3.c4 c6 4.Qc2 g6 5.Bf4 Bg7 6.e3 O-O 7.Nc3 a6 8.c5 Re8 9.h3 Nfd7
10.Be2 e5 11.Bh2 e4 12.Nd2 Nf8 13.O-O-O Nbd7 14.g4 Ne6 15.Nb3 Bf6 16.Bg3 Bh4
17.Qd2 Ng7 18.Bxh4 Qxh4 19.Qe1 g5 20.Qg1 Nf8 21.Rf1 Ng6 22.f3 exf3 23.Rxf3 f5
24.Bd3 Rf8 25.gxf5 Bxf5 26.Bxf5 Rxf5 27.Rxf5 Nxf5 28.Nd2 Re8 29.Nd1 Qh5 30.Qg4 Qxg4
31.hxg4 Nfh4 32.Rg1 Nf8 33.Kc2 Nd7 34.Kd3 Nf6 35.Nf2 Kg7 36.b4 Kg6 37.Nh3 Rg8
38.Ke2 h5 39.gxh5+ Kxh5 40.a4 Nf5 41.Nf3 Ng4 42.Nhxg5 Re8 43.Kd2 Rxe3 44.Rh1+ Kg6
45.Rg1 Nfh6 46.b5 Ra3 47.bxc6 bxc6 48.Rb1 Ne3 49.Rb8 Nc4+ 50.Ke2 Rxa4 51.Rc8 Ra2+
52.Ke1 Na5 53.Rf8 Ra1+ 54.Ke2 Nf5 55.Ne6 Ng3+ 56.Ke3 Nc4+ 57.Kd3 Ra3+ 58.Kc2 Ra2+
59.Kb1 Rb2+ 60.Ka1 Rb3 61.Nh4+ Kh5 62.Rf3 Rb4 63.Rxg3 Kxh4 64.Rg6 Nd2 65.Nd8 Rxd4
66.Rxc6 Rc4 67.Rxa6 Nb3+ 68.Kb2 Nxc5 69.Rd6 Nd3+ 70.Kb3 Nc1+ 71.Kb2 d4 72.Ne6 Nd3+
73.Kb1  1/2-1/2

[Event "Wichern op"]
[Site "Hamburg"]
[Date "1993.??.??"]
[Round "9"]
[White "Vandrey, Wolfgang"]
[Black "Posharsky, Viktor"]
[Result "0-1"]
[WhiteElo "2305"]
[BlackElo "2220"]

1.d4 Nf6 2.Nf3 d5 3.c4 c6 4.Qc2 g6 5.Bf4 Bf5 6.Qb3 Qb6 7.e3 Qxb3 8.axb3 Bxb1
9.Rxb1 e6 10.c5 Nbd7 11.h3 Be7 12.b4 a6 13.Nd2 O-O 14.Nb3 Bd8 15.Bd3 Re8
16.O-O Kg7 17.Rfd1 Rc8 18.Na5 Bxa5 19.bxa5 e5 20.Bh2 Re7 21.Ra1 Ne8 22.g4 Nc7
23.Ra3 exd4 24.exd4 Nb5 25.Ra4 Rce8 26.Kf1 f6 27.Bf4 Kf7 28.Be3 Kg7 29.Raa1 Nf8
30.Rac1 Ne6 31.Bc2 Ng5 32.Kg2 Ne6 33.Ba4 f5 34.Bxb5 axb5 35.Rc2 f4 36.Bc1 g5
37.b3 h6 38.Ra2 Nc7 39.Kf1 Na6 40.Rad2 Kg6 41.Rb2 Nb4 42.Rbd2 Re4 43.Ba3 Na6
44.Bc1 Nc7 45.Bb2 R8e7 46.Bc3 h5 47.Rd3 hxg4 48.hxg4 Rh7 49.Kg2 Ne6 50.Re1 f3+
51.Rxf3 Nf4+ 52.Rxf4 gxf4 53.Ra1 Kg5 54.a6 bxa6 55.Ba5 Re8  0-1

[Event "Hania op"]
[Site "Hania"]
[Date "1993.??.??"]
[Round "6"]
[White "Mastrokoukos, Georgios"]
[Black "Moutousis, Konstantinos"]
[Result "1-0"]
[WhiteElo "2325"]
[BlackElo "2425"]

1.d4 d5 2.Nf3 Nf6 3.c4 c6 4.Qb3 e6 5.g3 Nbd7 6.Bg2 Be7 7.O-O O-O 8.Nc3 b6
9.Bf4 Bb7 10.cxd5 exd5 11.Rfd1 Nh5 12.Bd2 Bd6 13.e4 dxe4 14.Nxe4 Be7 15.Ne5 Rc8
16.Rac1 Nb8 17.Be3 Ba8 18.Qa4 Rc7 19.b4 g6 20.Qb3 Kg7 21.g4 Nf6 22.Nxf7 Nd5
23.Nxd8  1-0

[Event "Hlohovec op"]
[Site "Hlohovec"]
[Date "1993.??.??"]
[Round "?"]
[White "Priehoda, Vitezslav"]
[Black "Svobodova, Michaela"]
[Result "1-0"]
[WhiteElo "2440"]
[BlackElo "2050"]

1.d4 d5 2.c4 c6 3.Nf3 Nf6 4.Qb3 Qb6 5.c5 Qxb3 6.axb3 g6 7.Nc3 Bg7 8.Bf4 Nbd7
9.b4 O-O 10.e3 Re8 11.Be2 Nh5 12.Bc7 e5 13.dxe5 Nxe5 14.Nxe5 Bxe5 15.Bxe5 Rxe5
16.b5 Nf6 17.b4 Ne4 18.Na4 Rb8 19.f3 Nf6 20.Kf2 Bd7 21.bxc6 bxc6 22.Rhb1 Re7
23.Ba6 Ne8 24.Nc3 Bf5 25.Rb3 Rd7 26.Ne2 Rc7 27.Nd4 Bd7 28.Ke2 Ng7 29.Kd2 Ne6
30.Kc3 Kf8 31.Rba3 Ke7 32.Bd3 Nxd4 33.exd4 Rcb7 34.b5 cxb5 35.Rxa7 b4+ 36.Kb3 Bc6
37.R1a6 Kd7 38.Rxb7+ Rxb7 39.Rb6 Rxb6 40.cxb6 Kc8 41.Kxb4 Kb7 42.Kc5 Ba4
43.Bb5 Bc2 44.Bc6+ Kb8 45.Kxd5  1-0

[Event "HUN-chT2"]
[Site "HUN"]
[Date "1993.??.??"]
[Round "?"]
[White "Pasztor, Ferenc"]
[Black "Bugyinszki, Istvan"]
[Result "1/2-1/2"]
[WhiteElo "2190"]
[BlackElo "2280"]

1.d4 d5 2.Nf3 c6 3.c4 dxc4 4.g3 Nf6 5.Bg2 Bg4 6.Ne5 Be6 7.Nc3 Nbd7 8.O-O Nxe5
9.dxe5 Qxd1 10.Rxd1 Nd7 11.f4 f6 12.exf6 exf6 13.Kf2 Bc5+ 14.Be3 O-O-O 15.Ne4 Bxe3+
16.Kxe3 Kc7 17.Kf2 Bd5 18.Nd2 Bxg2 19.Kxg2 Rhe8 20.Kf3 b5 21.a4 Kb6 22.Ne4 a6
23.axb5 axb5 24.Nd6 Rf8 25.Nc8+ Kc7 26.Nd6 Ra8 27.Nf5 g6 28.Nd4 Nc5 29.g4 Rxa1
30.Rxa1 Kb6 31.f5 Rd8 32.e3 b4 33.h4 gxf5 34.gxf5 Nd3 35.Rb1 c5 36.Ne6 Ne5+
37.Ke4 Rg8 38.Kd5 Rg2 39.Nf8 Rg7 40.Ke6 Rf7 41.Ng6 hxg6 42.fxg6 Rg7 43.Kxf6 Rxg6+
44.Kxe5 Rh6 45.Rh1 Kb5 46.e4 c3 47.bxc3 Rh5+ 48.Kd6 bxc3 49.e5 c2 50.Rc1 Rxh4
51.Rxc2 Rd4+ 52.Kc7 Re4 53.Kd6 Rd4+ 54.Ke7 Re4 55.e6 c4 56.Kd6 Re3 57.e7 Kb4
58.Rb2+ Ka3  1/2-1/2

[Event "Isle of Man op"]
[Site "Isle of Man"]
[Date "1993.??.??"]
[Round "?"]
[White "Kumaran, Dharshan"]
[Black "Kristensen, Bjarke"]
[Result "1-0"]
[WhiteElo "2385"]
[BlackElo "2445"]

1.d4 d5 2.c4 c6 3.Nf3 Nf6 4.Qc2 g6 5.Bf4 Bg7 6.e3 O-O 7.Nc3 a6 8.h3 b5 9.cxd5 cxd5
10.Ne5 Nfd7 11.Nxd7 Qxd7 12.Be2 e6 13.O-O Qb7 14.Rac1 Bd7 15.Qb3 Rc8 16.Na4 Nc6
17.Nc5 Qa7 18.a4 Na5 19.Qb4 Nc4 20.b3 a5 21.Qe1 Na3 22.Nxd7 Qxd7 23.Rxc8+ Qxc8
24.Bxb5 Nxb5 25.axb5 Qb7 26.Qe2 Rc8 27.Ra1 Qb6 28.Ra2 h6 29.Qd3 e5 30.dxe5 Rc5
31.e6 Qxe6 32.Rxa5 Rc3 33.Qd1 Kh7 34.Ra7 d4 35.exd4 Qd5 36.Be3 Rxb3 37.Qf3 Qd6
38.g3 Qb4 39.Qxf7 Rb1+ 40.Kh2  1-0

[Event "Jakarta zt"]
[Site "Jakarta"]
[Date "1993.??.??"]
[Round "9"]
[White "Rogers, Ian"]
[Black "Handoko, Edhi"]
[Result "1-0"]
[WhiteElo "2575"]
[BlackElo "2475"]

1.d4 d5 2.c4 c6 3.Nf3 Nf6 4.Nbd2 e6 5.g3 Nbd7 6.Bg2 Bd6 7.O-O O-O 8.Qc2 e5
9.cxd5 cxd5 10.dxe5 Nxe5 11.Nxe5 Bxe5 12.Nf3 Bd6 13.Rd1 Re8 14.Bg5 Be6 15.Nd4 Be5
16.Nxe6 fxe6 17.e4 h6 18.Bxf6 Qxf6 19.exd5 Rac8 20.Qd3 Bxb2 21.Rab1 exd5
22.Bxd5+ Kh8 23.Bxb7 Rcd8 24.Qf3 Qxf3 25.Bxf3 Rxd1+ 26.Rxd1 Re7 27.h4 g6
28.h5 Kg7 29.hxg6 Kxg6 30.Rd6+ Bf6 31.Kg2 Kg7 32.Bd1 Be5 33.Rd5 Bc3 34.f4 Be1
35.Rd3 Kf6 36.Bb3 Kg7 37.Kf3 Rc7 38.Kg4 Bc3 39.Rd6 Bb4 40.Re6 Bc3 41.Bd5 Rd7
42.Be4 Bf6 43.Ra6 Re7 44.Kf5 Bd4 45.Rg6+ Kh7 46.Rd6 Bb2 47.Bd3 Kg7 48.a4 Rf7+
49.Kg4 Rf6 50.Rd5 Ba3 51.Ra5 Rf7 52.Ra6 Bf8 53.Rg6+ Kh8 54.Kh5 Rc7 55.Rf6 Kg8
56.Bb1 Bg7 57.Ra6 Bf8 58.g4 Kh8 59.f5 Rc1 60.Be4 Rc4 61.Bb7 Rc7 62.Ba8 Kh7
63.Be4 Re7 64.Bd3 Rd7 65.Bb5 Rc7 66.f6 Rc5+ 67.Kh4 Rc7 68.Bc6 Kg6 69.Be8+ Kh7
70.Ra5 Bb4 71.Rb5 Bf8 72.Kh5 Rc8 73.Rb7+ Kh8 74.Kg6  1-0

[Event "Katerini GP"]
[Site "Katerini"]
[Date "1993.??.??"]
[Round "6"]
[White "Delithanasis, Dimitrios"]
[Black "Gurieli, Nino"]
[Result "0-1"]
[WhiteElo "2215"]
[BlackElo "2355"]

1.Nf3 d5 2.d4 Nf6 3.c4 c6 4.Qc2 g6 5.e3 Bg7 6.Nc3 O-O 7.Bd2 Na6 8.a3 Bf5
9.Qb3 Rb8 10.cxd5 cxd5 11.Rc1 Nc7 12.Be2 Ne4 13.O-O e6 14.Rfd1 Nxd2 15.Rxd2 Ne8
16.Ne1 Nf6 17.Bd3 Ne4 18.Rdc2 a6 19.Ne2 Nd6 20.Bxf5 Nxf5 21.Nd3 Nd6 22.Nc5 Qe7
23.a4 Nc4 24.Qa2 b6 25.Nxa6 Ra8 26.Rxc4 dxc4 27.Qxc4 Qd7 28.Nc3 Rfc8 29.Qf1 Bf8
30.b4 e5 31.d5 e4 32.b5 Bg7 33.Nxe4 Qxd5 34.f3 Qb3 35.Rd1 Rd8 36.Re1 Qxa4
37.Qe2 Rac8 38.h4 Rc2 39.Qf1 f5 40.Ng5 Rdd2 41.g3 Qa2  0-1

[Event "Katerini GP"]
[Site "Katerini"]
[Date "1993.??.??"]
[Round "8"]
[White "Mastrokoukos, Georgios"]
[Black "Botsari Miladinovic, Anna Maria"]
[Result "1-0"]
[WhiteElo "2325"]
[BlackElo "2245"]

1.d4 Nf6 2.c4 c6 3.Nf3 d5 4.Qc2 a6 5.g3 b5 6.b3 g6 7.Bf4 Bf5 8.Qc1 Bg7 9.Bg2 O-O
10.O-O Re8 11.Nbd2 Nbd7 12.Ne5 Nxe5 13.Bxe5 Bh6 14.Bxf6 exf6 15.e3 Rc8 16.Qc3 Bf8
17.a3 a5 18.Qb2 Qd7 19.Rfc1 Bh3 20.Bh1 Qb7 21.Qa2 Bh6 22.cxd5 cxd5 23.Rxc8 Rxc8
24.b4 Qc7 25.Bxd5 axb4 26.axb4 Qc3 27.Bxf7+ Kg7 28.Nf1 Qxb4 29.Be6 Ra8 30.Qxa8 Bxe6
31.Ra7+ Bf7 32.Qe8 Qf8 33.Qxb5 Kh8 34.Qd7 Bg8 35.d5 Qc5 36.Ra8 Bf8 37.Rc8 Qa3
38.Qd8 Kg7 39.Rc7+ Kh8 40.Qxf6+  1-0

[Event "Katowice op"]
[Site "Katowice"]
[Date "1993.??.??"]
[Round "3"]
[White "Neverovsky, G."]
[Black "Kuczynski, Robert"]
[Result "1/2-1/2"]
[WhiteElo "2360"]
[BlackElo "2525"]

1.d4 d5 2.c4 c6 3.Nf3 Nf6 4.Qc2 dxc4 5.Qxc4 Bf5 6.Nc3 e6 7.g3 Be7 8.Bg2 O-O
9.O-O Nbd7 10.a3 Ne4 11.Qa2 Nb6 12.Qb3 Nxc3 13.bxc3 Be4 14.Ne1 Bd5 15.Qb1 c5
16.Nf3 cxd4 17.cxd4 Na4 18.Bd2 Rc8 19.e4 Bc6 20.Re1 Bf6 21.Bb4 Re8 22.Qd1 Bb5
23.Qd2 Qd7 24.Rac1 Rxc1 25.Rxc1 Nb6 26.Qf4 Rc8 27.Rxc8+ Qxc8 28.h4 h6 29.Bc5 Nd7
30.Bd6 Qc4 31.e5 Bd8 32.Nd2 Qc1+ 33.Kh2 Bc6 34.Bxc6 Qxc6 35.Nf1 Nb6 36.Ne3 Nd5
37.Qe4 Nxe3 38.Qxe3 Bb6 39.Bc5 Bxc5 40.dxc5 Qd5 41.c6 Qxc6 42.Qxa7  1/2-1/2

[Event "Kecskemet2"]
[Site "Kecskemet"]
[Date "1993.??.??"]
[Round "2"]
[White "Shvidler, Eliahu"]
[Black "Videki, Sandor"]
[Result "1-0"]
[WhiteElo "2415"]
[BlackElo "2385"]

1.d4 d5 2.Nf3 Nf6 3.c4 c6 4.Qc2 dxc4 5.Qxc4 Bf5 6.g3 e6 7.Bg2 Nbd7 8.O-O Be7
9.Bg5 h6 10.Bxf6 Bxf6 11.Nc3 O-O 12.Rfd1 Qb6 13.Rd2 Rac8 14.a3 e5 15.e3 Rfd8
16.Rad1 Be6 17.Qf1 Bb3 18.Re1 exd4 19.exd4 Nf8 20.Bh3 Ne6 21.Re4 Rc7 22.Qe1 Rcd7
23.Qe3 Kf8 24.Bxe6 Bxe6 25.Rf4 Bd5 26.Rxf6 gxf6 27.Qxh6+ Ke7 28.Re2+ Kd6
29.Qf4+  1-0

[Event "Kladovo zt"]
[Site "Kladovo"]
[Date "1993.??.??"]
[Round "2"]
[White "Abramovic, Bosko"]
[Black "Kosic, Dragan"]
[Result "1/2-1/2"]
[WhiteElo "2475"]
[BlackElo "2455"]

1.d4 d5 2.c4 c6 3.Qc2 Nf6 4.Nf3 e6 5.g3 Be7 6.Bg2 O-O 7.O-O b6 8.Rd1 Bb7
9.Bf4 Nbd7 10.Nbd2 c5 11.dxc5 Nxc5 12.Rac1 Rc8 13.b4 Nce4 14.Nxe4 Nxe4 15.Nd2 Nf6
16.a3 Qd7 17.Ne4 Rfd8 18.Qb1 Qa4 19.Nxf6+ Bxf6 20.cxd5 exd5 21.Rxc8 Bxc8
22.Rxd5 Re8 23.Qd3 Ba6 24.b5 Bc8 25.Be5 Be7 26.Bb2 Bf8 27.h4 Bg4 28.Bf3 Be6
29.Rd4 Qa5 30.a4 Rc8 31.Kg2 h6 32.Qd2 Bb3 33.Qxa5 bxa5 34.Bc6 Bb4 35.Rd7 Bxa4
36.Rxa7 Bb3 37.Bd4 a4 38.e4 a3 39.Bd5 Bxd5 40.exd5 Rd8 41.b6 Rxd5 42.b7 Bd6
43.Bb6 Rb5  1/2-1/2

[Event "Leeuwarden op"]
[Site "Leeuwarden"]
[Date "1993.??.??"]
[Round "4"]
[White "Yakovich, Yuri"]
[Black "Huzman, Alexander"]
[Result "1/2-1/2"]
[WhiteElo "2525"]
[BlackElo "2520"]

1.d4 d5 2.c4 c6 3.Nf3 Nf6 4.Qc2 g6 5.Bf4 Bg7 6.e3 O-O 7.Nc3 Na6 8.a3 Bf5
9.Qb3 Qb6 10.Qa2 Ne4 11.Be2 dxc4 12.Bxc4 Nd6 13.Bb3 c5 14.O-O c4 15.Bd1  1/2-1/2

[Event "Leon"]
[Site "Leon"]
[Date "1993.??.??"]
[Round "4"]
[White "Romero Holmes, Alfonso"]
[Black "Garcia Ilundain, David"]
[Result "1/2-1/2"]
[WhiteElo "2210"]
[BlackElo "2475"]

1.d4 d5 2.c4 c6 3.Nf3 Nf6 4.Qc2 g6 5.Bf4 Na6 6.Nbd2 Bg7 7.e3 O-O 8.Be2 Bf5
9.Qb3 Qb6 10.O-O Qxb3 11.Nxb3 Nh5 12.Be5 f6 13.cxd5  1/2-1/2

[Event "London Lloyds"]
[Site "London"]
[Date "1993.??.??"]
[Round "6"]
[White "Kinsman, Andrew PH"]
[Black "Dunn, Andrew"]
[Result "0-1"]
[WhiteElo "2370"]
[BlackElo "2230"]

1.Nf3 Nf6 2.d4 d5 3.c4 c6 4.Qc2 g6 5.Bf4 Bf5 6.Qb3 Qb6 7.e3 Qxb3 8.axb3 Bxb1
9.Rxb1 Nbd7 10.h3 Bg7 11.Bd3 O-O 12.Ke2 Rfe8 13.Bh2 e6 14.Ra1 a6 15.Rhc1 Rac8
16.Kf1 h6 17.Rc2 g5 18.g4 Red8 19.Ke2 Ne8 20.e4 dxe4 21.Bxe4 Nef6 22.Bd3 c5
23.Rd2 cxd4 24.Nxd4 Nc5 25.Bc2 Nfe4  0-1

[Event "POL-chT"]
[Site "Lubniewice"]
[Date "1993.??.??"]
[Round "?"]
[White "Matlak, Marek"]
[Black "Murdzia, Piotr"]
[Result "1-0"]
[WhiteElo "2430"]
[BlackElo "2435"]

1.d4 d5 2.Nf3 Nf6 3.c4 c6 4.Qc2 e6 5.Bg5 Nbd7 6.e3 Qa5+ 7.Nbd2 Be7 8.cxd5 cxd5
9.Bd3 Nb6 10.O-O Bd7 11.Nb3 Qa4 12.Qe2 Qb4 13.Rfc1 Na4 14.Ne5 a6 15.Rc2 h6
16.Bh4 Bc8 17.Rac1 O-O 18.f4 Qd6 19.a3 Qd8 20.Be1 Bd7 21.Ba5 Qe8 22.Bc7 Rc8
23.Na5 Bc6 24.Naxc6 Rxc7 25.Nxe7+ Rxe7 26.Qe1 Qd8 27.Qb4 Nb6 28.a4 Ne4 29.a5 Nd7
30.Bxe4 Nxe5 31.Rc8 Qd7 32.Rxf8+ Kxf8 33.dxe5 dxe4 34.Qxe4 Qd2 35.Rf1 Qxa5
36.Qh7 Ke8 37.Qxg7 Qd2 38.Qh8+ Kd7 39.Qxh6 Qxe3+ 40.Kh1 b5 41.Rd1+ Kc7 42.Qf8 Qc5
43.h4 Kb7 44.Rd7+ Kb6 45.Qd8+ Kc6 46.Qc7+  1-0

[Event "Makarska"]
[Site "Makarska"]
[Date "1993.??.??"]
[Round "?"]
[White "Gyorkos, Lajos"]
[Black "Matkovic, Tonci"]
[Result "1-0"]
[WhiteElo "2435"]
[BlackElo "2285"]

1.d4 d5 2.Nf3 Nf6 3.c4 c6 4.Qc2 e6 5.g3 Be7 6.Bg2 Nbd7 7.O-O O-O 8.Rd1 Ne4
9.Nc3 f5 10.Ne5 Bg5 11.Nxd7 Bxd7 12.f3 Bxc1 13.Raxc1 Nd6 14.c5 Ne8 15.e4 Qf6
16.Qd2 Rd8 17.Re1 Bc8 18.exd5 exd5 19.Re5 Nc7 20.Rce1 Rde8 21.b4 Rxe5 22.Rxe5 Re8
23.Rxe8+ Nxe8 24.Qf4 g5 25.Qe5 Qxe5 26.dxe5 Nc7 27.Kf2 Kf7 28.Bf1 b6 29.cxb6 axb6
30.Na4 Na8 31.f4 h6 32.Ke3 Ke6 33.Nb2 Nc7 34.Bd3 Ke7 35.Na4 Na8 36.Kd4 Bd7
37.Bc2 g4 38.a3 Ke6 39.Bb3 Ke7 40.Ke3 Be6 41.Kd3 Kd7 42.Kd4 Kc7 43.Nc3 Kd7
44.a4 Nc7 45.a5 b5 46.Ne2 Na6 47.Kc3 c5 48.bxc5 Nxc5 49.Nd4 Bf7 50.Kb4 Nd3+
51.Kxb5 Kc7 52.a6  1-0

[Event "Minsk-B"]
[Site "Minsk"]
[Date "1993.??.??"]
[Round "2"]
[White "Donchenko, Anatoly G"]
[Black "Bashkov, Viacheslav"]
[Result "1/2-1/2"]
[WhiteElo "2405"]
[BlackElo "2450"]

1.Nf3 d5 2.d4 Nf6 3.c4 c6 4.Qc2 g6 5.e3 Bg7 6.Nc3 O-O 7.b4 Bg4 8.Ne5 Be6
9.Be2 Nbd7 10.cxd5 cxd5 11.Nd3 Bf5 12.Qb3 Ne4 13.Bb2 e6 14.Nxe4 Bxe4 15.O-O Qg5
16.Nf4 Rfc8 17.Rac1 h5 18.f3 Bf5 19.Rxc8+ Rxc8 20.Rc1 Qd8 21.Nd3 Rxc1+ 22.Bxc1 Qc7
23.Bd2  1/2-1/2